000 00212nam a2200097Ia 4500
005 20251222114409.0
008 251222s1900||||xx |||||||||||||| ||spa||
082 _aDVD0180/H74
245 0 _aPoltergeist:
942 _cDVD
999 _c1939
_d1939